000 00464nam a22001817a 4500
999 _c2138
_d2138
005 20230310154017.0
008 230310b ||||| |||| 00| 0 eng d
020 _a9781250619914
040 _cKH8
082 _aFIC COU
100 _aCourtney, Nadine Jolie
_eauthor
245 _aAll-American Muslim girl/
_cNadine Jolie Courtney
300 _a419 pages ; 21 cm
650 _aFiction
650 _aYoung Adult Fiction
650 _aMuslims
942 _2ddc
_cFIC